MARC

LEADER 00000nam0a2200000 4500
001 312577
005 20231102002511.0
035 |a (RuTPU)RU\TPU\book\337946 
090 |a 312577 
100 |a 20151224d1982 km y0rusy50 ca 
101 0 |a rus 
102 |a UA 
105 |a a z 001zy 
200 1 |a Основания и фундаменты на просадочных грунтах  |f В. И. Крутов 
210 |a Киев  |c Будiвельник  |d 1982 
215 |a 224 с.  |c ил. 
225 1 |a Библиотека строителя 
225 1 |a Инженеру-проектировщику 
320 |a Библиогр.: с. 219-222 
606 1 |a Грунты просадочные  |2 stltpush  |3 (RuTPU)RU\TPU\subj\8771  |9 36111 
606 1 |a Фундаменты свайные на слабых грунтах  |2 stltpush  |3 (RuTPU)RU\TPU\subj\17023  |9 42878 
610 1 |a основные характеристики 
610 1 |a развитие 
610 1 |a взаимодействие 
610 1 |a инженерно-геологические условия 
610 1 |a основания 
610 1 |a проектирование 
610 1 |a просадки 
610 1 |a расчет 
610 1 |a уплотнение 
610 1 |a грунтовые подушки 
610 1 |a глубинное уплотнение 
675 |a 624.154  |v 4 
675 |a 624.131.23  |v 4 
700 1 |a Крутов  |b В. И.  |g Владимир Иванович 
801 1 |a RU  |b 63413507  |c 20151224 
801 2 |a RU  |b 63413507  |c 20191112  |g RCR 
942 |c BK